Normal view
MARC view
Entry Personal Name
001 - CONTROL NUMBER
- control field: 53225
003 - CONTROL NUMBER IDENTIFIER
- control field: dpl
005 - DATE AND TIME OF LATEST TRANSACTION
- control field: 20121018124902.0
008 - FIXED-LENGTH DATA ELEMENTS
- fixed length control field: 121018|||a|||||| | ||| d
040 ## - CATALOGING SOURCE
- Original cataloging agency: dpl
- Transcribing agency: dpl
100 ## - HEADING--PERSONAL NAME
- Personal name: सिंह, वी.के.
670 ## - SOURCE DATA FOUND
- Source citation: Work cat.: (dpl)67505: सिंह, वी.के., 111 श्रेष्ठ हिंदी निबंध /, 2011
670 ## - SOURCE DATA FOUND
- Source citation: Work cat.: (dpl)67505: सिंह, वी.के., 111 श्रेष्ठ हिंदी निबंध /, 2011
